000 00617cam a2200205 4500
001 B2729
008 090401t1987 xxu||||| |||| 00| 0 eng d
035 _a(Sirsi) u51724
041 _aeng
050 _a692.8
110 _aJoint Contracts Tribunal
_93664
245 _aStandard form of building contract 1980 edition: amendment 4 ... miscellaneous amendments
260 _aLondon
_bRIBA Publications Ltd
_c1987
300 _a20p. ; 30cm.
350 _a0.8
520 _aCopies of original contracts filed at JCT 1980/2-7.
650 _aJCT STANDARD FORM OF CONTRACT 1980
942 _n0
948 _c04/03/1997
999 _c92941
_d92941